Articles polítics / Joan Maragall ; [edició], Joan-Lluís Marfany
Descripción Física:
XXIV, 171 p. ; 20 cm
Otros Autores:
Marfany, Joan Lluís, ed
Materias:
Nacionalisme -- Catalunya
MARC
| LEADER | 00000nam a2200000Ia 4500 | ||
|---|---|---|---|
| 001 | 7894 | ||
| 008 | 160829s9999 xx 000 0 cat d | ||
| 080 | |a M-2-241 | ||
| 100 | |a Maragall, Joan, |d 1860-1911 |9 25778 | ||
| 245 | |a Articles polítics / Joan Maragall ; [edició], Joan-Lluís Marfany | ||
| 260 | |a Barcelona : |b La Magrana : |b Diputació de Barcelona, febrer de 1988 | ||
| 300 | |a XXIV, 171 p. ; |c 20 cm | ||
| 490 | |a Biblioteca dels clàssics del nacionalisme català ; 19 | ||
| 650 | 0 | |a Nacionalisme |z Catalunya |9 11008 | |
| 700 | |a Marfany, Joan Lluís, ed. |9 25779 | ||
| 901 | |a Arxiu | ||
| 942 | |n 1 | ||
| 952 | |0 0 |1 0 |4 0 |6 M2241 |7 1 |9 43794 |a Arxiu |b Arxiu |d 2016-12-01 |l 0 |o M-2-241 |p 7894 |r 2016-12-01 00:00:00 |w 2016-12-01 |y ARXIU | ||
| 999 | |c 46342 |d 46342 | ||